Statistics for Lana Del Rey - Florida Kilos

Click here to take the quiz!

General Stats

  • This quiz has been taken 39 times
  • The average score is 270 of 316

Answer Stats

Answer% Correct
a
100%
baby)
100%
baby
100%
chic
100%
do
100%
for
100%
I
100%
on
100%
the
100%
they
100%
what
100%
(You
100%
you
100%
You
100%
Come
96%
don't
96%
Don't
96%
down
96%
Florida
96%
go
96%
got
96%
in
96%
know
96%
me
96%
mean
96%
Pretty
96%
pretty
96%
somethin'
96%
special
96%
tattoos
96%
to
96%
we
96%
We
96%
ya
96%
all
93%
All
93%
cherry
93%
Cherry
93%
cola
93%
could
93%
just
93%
Kilos
93%
kilos
93%
lines
93%
oh
93%
oh-oh
93%
they're
93%
White
93%
be
89%
But
89%
summertime
89%
is
85%
it
85%
like
85%
lime
85%
my
85%
not
85%
that
85%
yeah
85%
And
81%
and
81%
Dance
81%
feel
81%
Guns
81%
keys
81%
nothing
81%
say
81%
your
81%
already
78%
away
78%
by
78%
free
78%
get
78%
high
78%
if
78%
into
78%
loving
78%
That's
78%
Turn
78%
Yayo
78%
daddy
74%
night
74%
see
74%
side
74%
snow
74%
isn't
70%
Miami
70%
or
70%
Prison
70%
turning
70%
up
70%
way
70%
you'll
70%
cool
67%
little
67%
Cooking
63%
diamonds
63%
dream
63%
drinks
63%
girlfriends
63%
Gold
63%
gold
63%
low
63%
stove
63%
believe
59%
dope
59%
Floridians
59%
hot
59%
how
59%
champ
56%
die
56%
People
56%
snort
56%
baking
52%
fiends
52%
never
52%
we're
52%
hoops
48%
powder
48%
skiing
48%
teeth
48%
mouth
44%
Columbians
41%
winter
41%
Strung
26%

Score Distribution

Percentile by Number Answered

Percent of People with Each Score

Your Score History

You have not taken this quiz